LEADER 00806nam a2200205 i 4500 001 000000223631 003 CaOOAMICUS 005 20131016000000.0 008 131016s1811 it u000 u ita u 013 $a202528 026 $ar-gi don- e.c- mu12 (3) 1811 (A) 040 $aSeMil$bita 245 10$aTomo 6. 300 $a236, [5] p. 773 0 $aAlbertazzi, Jacopo Antonio <1728- >$tPadre di famiglia in casa ed in campagna, opera dell'avvocato Jacopo Ant. Albertazzi. Tomo 1. [-6.].$bPrima edizione milanese sull'ultima di Vercelli$dMilano : Presso Giuseppe Maspero, 1811.$g6$w()28902 850 $aSeMil 852 $aSeMil$W1$xVenegono$y1$m2R I 11 FA$j173977$B173977$CSeMilBibl$Z2$F184237 $8I 941 1 $a10 961 $aRecupero: Mantegazza 996 $6245$aTomo 6$9(OLS)http://semarc/title/194410 LEADER 01226nam a2200301 i 4500 001 000000185869 003 CaOOAMICUS 005 20100412000000.0 008 100412s1986 it u000 u ita u 013 $a163903 020 $a88-17-33597-5 040 $aSeMil$bita 100 1 $aPernoud, Régine,$d<1909-1998>.$0(OLS)http://semarc/name/19686 240 14$aLes saints au Moyen Age.$0(OLS)http://semarc/title/267187 245 12$aI santi nel Medioevo /$cRégine Pernoud ; traduzione di Anna Marietti. 260 $aMilano :$bRizzoli,$c1986. 300 $a330 p., [16] p. di tav. ;$c23 cm. 490 0 $aCollana storica Rizzoli 500 $aContiene : Appendici. 650 4$aSanti - Medioevo - Storia.$0(OLS)http://semarc/subject/35094 700 1 $aMarietti, Anna.$0(OLS)http://semarc/name/31858 830 0$aCollana storica Rizzoli.$0(OLS)http://semarc/title/7844 850 $aSeMil 852 $aSeMil$W1$xVenegono$y1$m3H V 29$j136556$B136556$CSeMilBibl$Z2$F150718 $81 961 $aOmaggio: Altro 996 $6020$a88-17-33597-5$9(OLS)http://semarc/number/176079 996 $6245$aI santi nel Medioevo$9(OLS)http://semarc/title/267186 996 $6260$aMilano :$bRizzoli$9(OLS)http://semarc/publisher/29824